000
00291nam a22001337a 4500
008
180212b xxu||||| |||| 00| 0 eng d
020
_a
9780073101439
041
_a
eng
080
_2
7 ed
_a
616.073
100
_a
6
101
_a
gen
245
_a
human genetics
_c
lewis.r
942
_2
udc
_c
BK
999
_c
42318
_d
42318